La Méditerranée et le monde méditerranéen au temps de Philippe II : Tome 2 - Destins collectifs et mouvements d'ensemble (notice n° 2197798)
[ vue normale ]
| 000 -LEADER | |
|---|---|
| fixed length control field | 01380cam a2200133 4500500 |
| 005 - DATE AND TIME OF LATEST TRANSACTION | |
| control field | 20260405085450.0 |
| 041 ## - LANGUAGE CODE | |
| Language code of text/sound track or separate title | fre |
| 042 ## - AUTHENTICATION CODE | |
| Authentication code | dc |
| 100 10 - MAIN ENTRY--PERSONAL NAME | |
| Personal name | Braudel, Fernand |
| Relator term | author |
| 245 00 - TITLE STATEMENT | |
| Title | La Méditerranée et le monde méditerranéen au temps de Philippe II : Tome 2 - Destins collectifs et mouvements d'ensemble |
| 260 ## - PUBLICATION, DISTRIBUTION, ETC. | |
| Name of publisher, distributor, etc. | Armand Colin,<br/> |
| Date of publication, distribution, etc. | 2017.<br/> |
| 520 ## - SUMMARY, ETC. | |
| Summary, etc. | « Avec la Méditerranée, j’ai pris le large, j’ai visité avec ravissement à peu près tous les pays et tous les dépôts d’archives de Méditerranée. Cela m’a pris une vingtaine d’années. » Le deuxième volume de La Méditerranée est consacré aux économies et aux sociétés. Tout au long du XVIe siècle, la Méditerranée, bien qu’envahie par les bateaux du Nord, reste la puissance économique prééminente : l’or et l’argent que déversent en Espagne les mines d’Amérique aboutissent dans les mains de banquiers italiens, maîtres du crédit à travers toute l’Europe. Cependant, la Méditerranée partage les difficultés de sociétés en crise dans une montée à la fois d’inflation, de banditisme, de guerres civiles et religieuses – un destin commun aux deux civilisations qui la divisent : Islam et Chrétienté. |
| 856 41 - ELECTRONIC LOCATION AND ACCESS | |
| Uniform Resource Identifier | <a href="https://shs.cairn.info/la-mediterranee-et-le-monde-mediterraneen-au-temps--9782200618261?lang=fr&redirect-ssocas=7080">https://shs.cairn.info/la-mediterranee-et-le-monde-mediterraneen-au-temps--9782200618261?lang=fr&redirect-ssocas=7080</a> |
Pas d'exemplaire disponible.




Réseaux sociaux